banner-ar

تساؤلات الاولاد / (Record no. 60217)

MARC details
000 -الفاتح
حقل البيانات ثابتة الطول 00781nam a22002177a 4500
005 - وقت وتاريخ اخر تعامل مع التسجيلة
رقم الضبط 20240530110359.0
008 - عناصر البيانات ثابتة الطول - معلومات عامة
حقل البيانات ثابتة الطول 150117r2009 ua a 000 0 ara d
017 ## - رقم الايداع القانونى
رقم الايداع القانونى 2009/15103
المصدر ( الهيئة المختصة) مصر . دار الكتب المصرية
020 ## - الرقم الدولى المعيارى للكتب
الرقم الدولى المعيارى للكتاب 9789773043661
040 ## - مصدر الفهرسة
وكالة الفهرسة الأصلية EG-CaGPL
041 0# - رمز اللغة
رمز لغة النص/ المسارات الصوتية أو العنوان الانفرادي ara
082 04 - رقم تصنيف ديوى العشرى
رقم الطبعة 21
رقم التصنيف 306.874
رقم المادة ط/ش ت
100 1# - المدخل الرئيسى - إسم شخصى
الإسم الشخصى شنايدر ، سيلفيا
245 10 - بيان العنوان
العنوان تساؤلات الاولاد /
بيان المسئوليه,etc تاليف سيلفيا شنايدر ؛ ترجمة صلاح هلال
260 ## - PUBLICATION, DISTRIBUTION, ETC. (IMPRINT)
تاريخ النشر أو التوزيع 2009
300 ## - الوصف المادى
التعداد 147 ص ؛
أبعاد الوعاء 19 سم
490 0# - بيان السلسلة
عنوان السلسلة تساؤلات
700 0# - المدخل الاضافى - اسم شخصى
الإسم الشخصى صلاح هلال
الدور مترجم
942 ## - عناصر المدخل الإضافي( كوها)
مصدر التصنيف او مخطط الترفيف Dewey Decimal Classification
Koha [default] item type كتاب
260 ## - PUBLICATION, DISTRIBUTION, ETC. (IMPRINT)
-- القاهرة :
-- دار الياس العصرية للطباعة والنشر ،
Holdings
حالة التراجع حالة الفقد حالة تلف ليس للاعارة المكان المؤقت الموقع الحالى تاريخ الاكتساب اجمالي اﻻعارات رقم الطلب الباركود تاريخ اخر مشاهدة تاريخ تفعيل السعر نوع وعاء كوها
        مكتبة القاهرة الكبرى مكتبة القاهرة الكبرى 01/17/2015   306.874 ط/ش ت 159222 01/17/2015 01/17/2015 كتاب

Powered By

EGPV